000 005200000a22001930004500
001 001259
003 MACL
005 20151018143233.0
008 151018b xxu||||| |||| 00| 0 eng d
040 _aMACL
_cMACL
041 _aEnglish
082 _a954.04/MAH
100 _aMahajan, Sucheta
_94388
245 _aIndependence & Partition
_bThe Erosion Of Colonial power In India
_cSucheta Mahajan
260 _aNew Delhi
_c2000
_bSagar Publications,
350 _a275
650 _a Hisrory
_915881
942 _k954
_cBK
_2ddc
999 _c1254
_d1254